| 000 | 00536 a2200181 4500 | ||
|---|---|---|---|
| 999 |
_c9108 _d9108 |
||
| 020 | _a9780340940303 | ||
| 050 | _aKD7870 CRI 2007 | ||
| 100 |
_aMartin, Jacqueline _eeditor |
||
| 245 |
_aCriminal law : _bthe comprehensive guide to all key facts / _cJacqueline, Martin & Chris Turner |
||
| 250 | _a3rd ed. | ||
| 264 |
_aLondon : _bHodder Arnold, _c2007. |
||
| 300 | _a149p. : | ||
| 440 | _aKey facts | ||
| 500 | _aIncludes index | ||
| 650 | _aCriminal law | ||
| 700 |
_aTurner, Chris _eeditor |
||
| 942 |
_2lcc _cBK _e3rd ed. _h7870 _iCRI _kKD |
||